LEADER 01046nam2 2200277 450 001 000010717 005 20130731170222.0 100 $a20080506d1928----km-y0itay50------ba 101 0 $aita 102 $aIT 105 $ay-------001yy 200 1 $a<>consorzio obbligatorio per la industria solfifera siciliana$fAntonino Sciacca 210 $aTorino$cUnione tipografico-editrice torinese$d1928 215 $aVIII, 113 p.$d24 cm 225 2 $aBiblioteca di ragioneria applicata$eEncicolpedia metodica di amministrazione e contabilitą$v102 410 0$12001$aBiblioteca di ragioneria applicata 461 0$1001000016191$vmonografia 102 500 10$a<>consorzio obbligatorio per la industria solfifera siciliana$936668 610 1 $aZolfo$aIndustria 676 $a657.8$v18 700 1$aSciacca,$bAntonino$0631137 801 0$aIT$bUNIPARTHENOPE$c20080506$gRICA$2UNIMARC 912 $a000010717 951 $a657.8/101$b4002$cNAVA1 996 $aConsorzio obbligatorio per la industria solfifera siciliana$936668 997 $aUNIPARTHENOPE LEADER 02332nam2 22004813i 450 001 SBL0229897 005 20231121125817.0 010 $b(errato)British ISBN$z0434994502 010 $a0674994957$bAmerican ISBN 100 $a20150505d1971 ||||0itac50 ba 101 | $alat$aeng 102 $agb 181 1$6z01$ai $bxxxe 182 1$6z01$an 200 1 $a˜7: œNaturales quaestiones. 1$fSeneca$gwith an English translation by Thomas H. Corcoran 210 $aLondon$cW. Heinemann$aCambridge (Mass.)$cHarvard University press$d1971 215 $aXXIX, 297 p.$d17 cm 225 | $a˜The œLoeb classical library$v450 300 $aTesto orig. a fronte. 410 0$1001CFI0109673$12001 $a˜The œLoeb classical library$v450 461 1$1001PUV0236342$12001 $aSeneca$ein ten volumes$fwith an English translation by Frank Justus Miller$v7 606 $aSeneca, Lucio Anneo . Naturales Quaestiones$xTraduzioni inglesi$2FIR$3RMLC427620$9E 676 $a188$9Filosofia stoica.$v22 676 $a508$9Scienze pure. Descrizione e indagine dei fenomeni naturali.$v21 700 1$aSeneca$b, Lucius Annaeus$c <4 a.C.-65>$3CFIV011797$4070$07130 702 1$aCorcoran$b, Thomas H.$3PUVV147094 790 1$aSeneca$b, L. Annaeus$3CFIV125990$zSeneca, Lucius Annaeus <4 a.C.-65> 790 0$aSeneca$3CFIV159431$zSeneca, Lucius Annaeus <4 a.C.-65> 790 1$aSeneca$b, L. Anneo$3CFIV163206$zSeneca, Lucius Annaeus <4 a.C.-65> 790 1$aSeneka$b, Liucijus Anėjus$3CFIV218114$zSeneca, Lucius Annaeus <4 a.C.-65> 790 0$aPseudo-Seneca$3CFIV283387$zSeneca, Lucius Annaeus <4 a.C.-65> 790 0$aSeneca$c $3CFIV283388$zSeneca, Lucius Annaeus <4 a.C.-65> 790 1$aSeneca$b, Anneo$3MESV000892$zSeneca, Lucius Annaeus <4 a.C.-65> 790 1$aSeneca$b, Lucio Anneo$3SBNV036240$zSeneca, Lucius Annaeus <4 a.C.-65> 790 1$aCorcoran$b, Thomas Henry$3UTOV555565$zCorcoran, Thomas H. 801 3$aIT$bIT-01$c20150505 850 $aIT-FR0017 899 $aBiblioteca umanistica Giorgio Aprea$bFR0017 $eN 912 $aSBL0229897 950 2$aBiblioteca umanistica Giorgio Aprea$d 52LCL/L Sen.Opera. 7$e 52FLS0000044345 VMB RS $fA $h20150505$i20150505 977 $a 52 996 $aNaturales quaestiones, 1$91435668 997 $aUNICAS